Central Library OPAC University of Rajshahi

SURVEILLANCE OF POULTRY FARMS AND MANAGEMENT OF ENTEROBACTERIA ASSOCIATED DISEASES THROUGH ETHNOVETERINARY MEDICINE / (Record no. 84318)

MARC details
000 -LEADER
fixed length control field 00957nam a2200241 a 4500
001 - CONTROL NUMBER
RUCL Control Number 84318
003 - CONTROL NUMBER IDENTIFIER
rucl marc code BD-RjUL
005 - DATE AND TIME OF LATEST TRANSACTION
control field 20241118150455.0
008 - FIXED-LENGTH DATA ELEMENTS--GENERAL INFORMATION
fixed length control field 241118s2019 bg a|||| m||| 00| 0 eng d
035 ## - SYSTEM CONTROL NUMBER
system control number (BD-RjUL)84318
040 ## - CATALOGING SOURCE
Original cataloging agency BD-RjUL
Language of cataloging eng
Transcribing agency BD-RjUL
Modifying agency BD-RjUL
041 ## - LANGUAGE CODE
Language code of Book eng
082 ## - DEWEY DECIMAL CLASSIFICATION NUMBER
DDC Edition number 23
Classification number 579.34
Author mark and Year HOS 2019
100 ## - MAIN ENTRY--PERSONAL NAME
Personal name Hossain, Md. Showkat
9 (RLIN) 14310
245 10 - TITLE STATEMENT
Title SURVEILLANCE OF POULTRY FARMS AND MANAGEMENT OF ENTEROBACTERIA ASSOCIATED DISEASES THROUGH ETHNOVETERINARY MEDICINE /
Statement of responsibility, etc Md. Showkat Hossain
Name of Supervisor/Co-Supervisor Supervisor : Most. Ferdousi Begum
260 ## - PUBLICATION, DISTRIBUTION, ETC. (IMPRINT)
Place of publication, distribution, etc Rajshahi :
Name of publisher, distributor, etc Department of Botany, University of Rajshahi,
Date of publication, distribution, etc 2019
300 ## - PHYSICAL DESCRIPTION
Pagination xiii, [1], 170 leaves :
Other physical details ill.;
Dimensions 29 cm.
504 ## - BIBLIOGRAPHY, ETC. NOTE
Bibliography, etc Thesis (Ph.D.) -- Department of Botany, University of Rajshahi,2019
505 ## - FORMATTED CONTENTS NOTE
Formatted contents note References : Leaves 158-172
650 ## - SUBJECT ADDED ENTRY--TOPICAL TERM
Topical term or geographic name as entry element Enterobacteriaceae
Form subdivision Poultry Farms
General subdivision Diseases
9 (RLIN) 14311
700 ## - ADDED ENTRY--SUPERVISOR/CO-SUPERVISOR NAME
Personal name Begum, Most. Ferdousi, Supervisor
9 (RLIN) 9042
942 ## - ADDED ENTRY ELEMENTS (KOHA)
Source of classification or shelving scheme Dewey Decimal Classification
Koha item type Theses
Holdings
Source of classification or shelving scheme Damaged status Not for loan Collection code Permanent Location Current Location Shelving location Date of accession Source of acquisition Total Checkouts Full call number Barcode Date last seen Copy number Thesis
Dewey Decimal Classification   Not For Loan Theses Central Library, University of Rajshahi Central Library, University of Rajshahi Documentation Section 14/02/2023 Controller of Exam. R.U.   THE 579.34 HOS 2019 D4653 18/11/2024 C-1 Theses